000 00657cab a2200253 4500
001 X651
008 090401t1993 xxu||||| |||| 00| 0 eng d
035 _a(Sirsi) u66797
041 _aeng
245 _aRe Poulton`s Applications
260 _c1993
350 _a0
490 _aProperty and Compensation Reports
_v(1993) 65 PCR 319-323(5)
520 _aLT 22 December 1992. LP/9/1992.
650 _aBEDROOM
650 _aCONVERSION
650 _aDISCHARGE
650 _aRESTRICTIVE COVENANTS
650 _aROOF SPACE
650 _aSECTION 52 AGREEMENTS
690 _aPLANNING LAW AND PRACTICE-CASE LAW
942 _n0
948 _c04/03/1997
999 _c41736
_d41736